| 000 | 00675cam a22002413a 4500 | ||
|---|---|---|---|
| 001 | 27122 | ||
| 003 | PGUSA | ||
| 005 | 20140828083603.0 | ||
| 008 | 081102s2008||||xxu|||||s|||||000 | eng d | ||
| 040 |
_aPGUSA _beng |
||
| 042 | _adc | ||
| 050 | 4 | _aPL | |
| 100 | 1 |
_aLu, You, _d1125-1210 |
|
| 245 | 1 | 0 |
_a老學庵筆記 _h[electronic resource] / _cYou Lu |
| 260 |
_bProject Gutenberg, _c2008 |
||
| 506 | _aPublic domain in the USA. | ||
| 516 | _aElectronic text | ||
| 653 | _aChina -- History -- Song dynasty, 960-1279 -- Anecdotes | ||
| 740 | 0 | _aLao Xue An Bi Ji | |
| 830 | 0 |
_aProject Gutenberg _v27122 |
|
| 856 | 4 | 0 | _uhttp://www.gutenberg.org/ebooks/27122 |
| 942 | _cEB | ||
| 999 |
_c256377 _d256377 |
||